Big 4 Most Games Played Quiz Stats

 Plays Quiz Updated Feb 8, 2016

Challenge
Share
Tweet
Embed
Score 0/122 Timer 18:00
5 Plays Today
Team Player % Correct
NBAKobe Bryant
78.9%
NBAMichael Jordan
76.6%
MLBCal Ripken, Jr.
73.3%
NBAJohn Stockton
73.1%
MLBDerek Jeter
72.4%
NBATim Duncan
72.2%
NFLAndre Johnson
71.8%
NBADirk Nowitzki
70.4%
NBAReggie Miller
70.3%
NBAPatrick Ewing
64.6%
NFLBrett Favre
64.5%
NBADwyane Wade
64.3%
NBAKevin Garnett
64.2%
NBAHakeem Olajuwon
63.3%
MLBHank Aaron
61.5%
NFLJason Witten
61.1%
NFLJerry Rice
59.9%
MLBCraig Biggio
59.2%
MLBWillie Mays
58.8%
NFLDan Marino
58.1%
MLBGeorge Brett
58%
NFLReggie Wayne
56.1%
MLBTodd Helton
55.9%
NBABuck Williams
55.6%
MLBMike Schmidt
54.1%
MLBTony Gwynn
53.4%
MLBStan Musial
53.1%
MLBGarret Anderson
52.7%
NBANick Anderson
52.7%
MLBEdgar Martinez
52.5%
NFLRay Lewis
52.2%
NBADeAndre Jordan
51.1%
MLBCarl Yastrzemski
50.8%
MLBRobin Yount
50.2%
MLBErnie Banks
50.1%
NBADominique Wilkins
49.3%
MLBRoberto Clemente
48.7%
MLBPete Rose
48.1%
NBAGary Payton
47.9%
NBAJoe Dumars
46.8%
MLBLuis Gonzalez
46.4%
Team Player % Correct
NFLSebastian Janikowski
46.3%
NHLGordie Howe
44.6%
MLBMichael Young
44.3%
NBAClyde Drexler
43.4%
NFLDarrell Green
43.2%
NBAJohn Havlicek
41.4%
NFLAndre Reed
40.2%
MLBHarmon Killebrew
40.1%
NBAMike Conley
39.5%
NFLRonde Barber
38.1%
MLBEvan Longoria
37.7%
MLBAl Kaline
37.4%
NBADavid West
37.1%
NFLEli Manning
35.9%
NFLJason Hanson
34.2%
NHLMario Lemieux
33.8%
NBAAlex English
33.7%
NFLDavid Akers
32.9%
NHLRick Nash
31.1%
NFLJoe Nash
31.1%
NBAChris Mullin
31%
NBALeBron James
29.9%
NFLJason Elam
29.8%
NHLMike Modano
29%
NHLJoe Sakic
28.7%
NFLBruce Matthews
26.9%
NFLMorten Andersen
26.7%
NHLJarome Iginla
26.6%
NHLRay Bourque
25.8%
NBAWes Unseld
25.1%
NBADell Curry
23.6%
NHLTeemu Selanne
23%
NHLHenri Richard
22.7%
MLBTony Fernandez
20.6%
MLBLuis Castillo
18.6%
NFLMike Webster
18.6%
NHLBobby Clarke
18.2%
NHLStan Mikita
17.8%
NHLVincent Lecavalier
17.7%
NHLShane Doan
17.7%
NHLDave Taylor
16%
Team Player % Correct
NHLPatrick Marleau
15.8%
NFLJohn Kasay
15.6%
NHLRon Francis
15.4%
NFLTom Brady
14.3%
NHLStephen Weiss
13.9%
NHLBryan Trottier
13.8%
MLBLuke Appling
13.8%
NFLJim Marshall
13.8%
NFLWill Shields
13.7%
MLBTim Wallach
13.7%
NBADeMar DeRozan
13.3%
NHLChris Phillips
12.4%
NBAHal Greer
12.4%
MLBBert Campaneris
11.9%
NHLHenrik Sedin
11.2%
NBAAlvan Adams
10.9%
MLBEd Kranepool
10.4%
NFLMike Kenn
9.9%
NHLKevin Lowe
9.4%
NFLLou Groza
7.8%
NFLJackie Slater
7.8%
NHLGilbert Perreault
7.7%
NHLDavid Legwand
7.5%
NHLKen Daneyko
7.1%
NHLBryan Little
6.8%
NHLGeorge Armstrong
6.5%
NHLBernie Federko
5.9%
MLBZack Wheat
5.7%
NFLPat Leahy
4.3%
NFLPatrick Mannelly
3.6%
NFLBrad Meester
3.5%
MLBTerry Turner
3.3%
NHLMikko Koivu
2.9%
NHLHarry Howell
2.6%
NFLJim Bakken
2.4%
NHLAlex Ovechkin
2%
NFLKen Riley
2%
NBASam Lacey
2%
NBAJunior Bridgeman
1.4%
NFLDavid Binn
1.3%

You're not logged in!

Compare scores with friends on all Sporcle quizzes.
OR
Log In

You Might Also Like...

Show Comments

Extras

Top Quizzes Today


Score Distribution

Your Account Isn't Verified!

In order to create a playlist on Sporcle, you need to verify the email address you used during registration. Go to your Sporcle Settings to finish the process.

Report this User

Report this user for behavior that violates our Community Guidelines.

Details: